000
00333nam a22001457a 4500
008
250417b ||||| |||| 00| 0 eng d
020
_a
9781847498984
041
_a
eng
080
_2
1921
_a
82
082
_2
82LAW
_a
82LAW
100
_a
01
101
_a
GJUHE DHE LETERSI
245
_a
WOMEN IN LOVE
_c
D.H.LAWRENCE
942
_2
udc
_c
BK
999
_c
60644
_d
60644